| 000 | 00439cam a2200145u 4500 | ||
|---|---|---|---|
| 082 |
_a690.24 _bPRA _cD |
||
| 100 | 1 |
_aGreenhalgh, Richard, [from old catalog] _945251 |
|
| 245 | 0 | 0 | _aPractical building repairs. |
| 260 |
_aLondon, _bOdhams Press, _c1946. |
||
| 300 |
_a384 p. _billus. _c22 cm. |
||
| 526 |
_a0 _b0 _c0 _d690_240000000000000_PRA |
||
| 650 | 0 |
_aBuildings _xRepair and reconstruction. _933962 |
|
| 650 | 0 |
_aMCE _9379 |
|
| 942 |
_2ddc _cBK |
||
| 999 |
_c548868 _d548868 |
||